[Event "EU-chT (Men) 19th"]
[Site "Warsaw"]
[Date "2013.11.09"]
[Round "2.3"]
[White "Kovalev, Vladislav"]
[Black "Edouard, Romain"]
[Result "0-1"]
[WhiteElo "2583"]
[BlackElo "2653"]
[Annotator "Edouard,R"]
[PlyCount "82"]
[EventDate "2013.11.08"]
[EventType "team-swiss"]
[EventRounds "9"]
[EventCountry "POL"]
[SourceTitle "CBM 158"]
[Source "ChessBase"]
[SourceDate "2014.01.16"]
[SourceVersion "1"]
[SourceVersionDate "2014.01.16"]
[SourceQuality "1"]
[WhiteTeam "Belarus"]
[BlackTeam "France"]
[WhiteTeamCountry "BLR"]
[BlackTeamCountry "FRA"]

1. e4 e6 2. d4 d5 3. Nd2 c5 4. Ngf3 cxd4 5. Nxd4 Nc6 6. Bb5 Bd7 7. Nxc6 Bxc6 8.
Bxc6+ bxc6 9. c4 Nf6 ({I played} 9... Bd6 {once, unsucessfully.}) 10. Qa4 Qc7
11. cxd5 exd5 12. O-O Be7 13. exd5 Nxd5 14. Ne4 (14. Nc4 O-O 15. Bd2 {looked
to me like a more annoying plan.}) 14... O-O 15. Bd2 Qb6 $5 $146 (15... Rab8 $5
16. Qc2 f5 17. Nc3 Bd6 $1 {might have been a better idea. Black is doing very
fine here (...Nb4 comes next).}) 16. Qc2 f5 $6 (16... Rab8 $1 {first should be
more precise. I hesitated between both moves for a long time.}) 17. Nc3 f4 18.
Rae1 (18. Qe4 Rf7 $1 19. Nxd5 cxd5 20. Qxd5 Rd8 21. Qa5 Qxb2 22. Bc3 $11) 18...
Bf6 19. Re6 (19. Nxd5 cxd5 20. b3 f3 21. g3 {is another option. White is a bit
better in the long term.}) 19... Bxc3 $6 (19... Qc5 20. Qd3 Nxc3 21. Bxc3 Bxc3
22. Qxc3 Qxc3 23. bxc3 c5 $11) 20. bxc3 $5 (20. Bxc3 f3 21. g3 Qc5 22. Rfe1
Nxc3 23. bxc3 {should also give White some chances.}) 20... f3 21. g3 Qd8 22.
Rfe1 (22. c4 Nc7 23. Re4 $1 Qd7 24. Rh4 {would be an improved version of the
game for White, though the rook is always strangely placed on h4.}) 22... Nc7
23. Re7 (23. Rxc6 $2 Qd7 24. Qe4 Qh3 $1 25. Qc4+ Rf7 26. Qf1 Qd7 $19) 23... Nd5
24. R7e6 Nc7 25. R6e4 $5 Qd7 26. Rh4 h6 27. h3 Rae8 28. Rxe8 Rxe8 29. Be3 Nd5 {
The position is probably still equal but now it is a bit more pleasant for
Black.} 30. Bd4 $4 (30. Qd3 {should be played.}) 30... c5 $1 {A nice trick.}
31. Bxg7 (31. Bxc5 Re1+ 32. Kh2 Qb5 $1 {(threatening ...Rh1+)} 33. c4 Qxc5 34.
Qd2 Rd1 $19) (31. Rxh6 cxd4 $19) 31... Re1+ 32. Kh2 Ne3 $1 33. Qb3+ (33. Qg6
Nf1+ 34. Kg1 Nxg3+ 35. Kh2 Rh1+ $5 $19) 33... Kxg7 34. Qb8 Rh1+ $6 {I have to
admit I I though for a few minutes between winning the queen the way I did, or
just going ...Re2 with an even more winning position. But it seems I didn't
look in the right direction!} (34... Qxh3+ {would be a mate in 2!}) 35. Kxh1
Qd1+ 36. Kh2 Nf1+ 37. Kh1 Nxg3+ 38. Kh2 Qh1+ 39. Kxg3 Qg2+ 40. Kf4 Qh2+ 41.
Kxf3 Qxb8 0-1

[Event "Martinique op 5th"]
[Site "Le Lamentin"]
[Date "2016.04.02"]
[Round "8"]
[White "Mista, Aleksander"]
[Black "Edouard, Romain"]
[Result "0-1"]
[WhiteElo "2578"]
[BlackElo "2620"]
[Annotator "Edouard,R"]
[PlyCount "72"]
[EventDate "2016.03.30"]
[EventType "swiss"]
[EventRounds "9"]
[EventCountry "FRA"]
[SourceTitle "CBM 172"]
[Source "ChessBase"]
[SourceDate "2016.05.12"]
[SourceVersion "1"]
[SourceVersionDate "2016.05.12"]
[SourceQuality "1"]

1. e4 e6 2. d4 d5 3. Nd2 c5 4. exd5 Qxd5 5. Ngf3 cxd4 6. Bc4 Qd7 $5 {A line I
like and have already played several times. The main difference with 6...Qd6
is that the bishop may sometimes be developed to d6 or c5.} 7. O-O Nc6 8. Nb3
Nf6 9. Nbxd4 (9. Qe2 a6 10. a4 Bd6 {is another line, and one of the big
differences with 6...Qd6.}) 9... Nxd4 10. Nxd4 a6 11. Bg5 {One of the critical
moves.} ({For example} 11. Bf4 b5 12. Bb3 Bc5 13. Be5 Bb7 14. c3 O-O {was no
problem for Black in the game 0-1 (63) Navara,D (2735)-Bartel,M (2631)
Jerusalem ISR 2015.}) 11... b5 $1 (11... Bc5 {is worse:} 12. c3 Qc7 13. Bd3 Be7
14. Qf3 O-O 15. Rfe1 h6 16. Bh4 $14 {1-0 (30) Karjakin,S (2762)-Socko,B (2599)
Berlin GER 2015}) 12. Bb3 (12. Be2 Bb7 {does not pose any problem.}) 12... Bb7
13. Re1 Ne4 $1 {The right way to avoid a sac on e6.} 14. Bh4 $6 {A mistake for
concrete reasons, but however the move that has been played twice in the two
games in the database.} (14. Bf4 $1 {is a better move.}) 14... g5 15. Bg3 Nxg3
$1 $146 ({Both Wang Hao and Nyzhnik had played} 15... Bg7 {that is
nevertheless fine for Black too. But after the text move Black is better!}) 16.
hxg3 O-O-O 17. c3 h5 $1 {An important move, otherwise White plays Qh5.} 18. a4
{The only way to create counterplay.} ({I had calculated} 18. Qe2 h4 19. Rad1
hxg3 20. Nxe6 Bc5 $1 {winning for Black.} ({Actually the engine gives} 20...
Bd6 {as even stronger. In both cases the idea is} 21. Nxd8 $2 Rh1+ $1 22. Kxh1
Qh3+ 23. Kg1 Qxg2#)) 18... h4 $1 19. axb5 axb5 20. Qg4 {The best defence, but
of course White is much worse.} (20. gxh4 Rxh4 21. Nf3 Qc6 $1 22. Qe2 Rg4 23.
Kf1 Bc5 {and Black wins.}) 20... hxg3 21. fxg3 Bc5 22. Rad1 (22. Re5 Qc6 23.
Qf3 Bb6 $19) 22... Qc6 23. Rd2 Rh6 $6 (23... Qc7 $1 {with the idea} 24. Bd1 Bd5
$1 {followed by ...f5 was stronger.}) 24. Bd1 $1 f5 $1 {The point.} 25. Qxg5 (
25. Qf3 Qd6 $19) 25... Rxd4 $1 26. cxd4 Bxd4+ 27. Re3 Qe4 $1 (27... Rg6 28. Qf4
e5 29. Qxf5+ Kb8 30. Qf8+ {is a draw:} Ka7 31. Qa3+ Kb6 32. b4 Qe4 33. Qa5+ Kc6
34. Bf3 Bxe3+ 35. Kf1 Qxf3+ 36. gxf3 Bxd2 37. Qa7 Bxb4 38. Qe3 $11) 28. Rde2 (
28. Qg8+ $4 Kc7 29. Rc2+ Bc6 $19) 28... Rh8 29. Bc2 Qe5 30. Bd3 $2 (30. Qf4 {
was necessary although after} Qxf4 (30... Qc5 $5) 31. gxf4 Rh4 {Black is
winning a pawn.}) 30... Kb8 31. Kf2 $2 {A bad move but the position was
probably lost.} (31. Qf4 $2 {is even worse:} Qxf4 32. gxf4 e5 $19) 31... Qd5
32. Kg1 (32. Ke1 Rh1+ 33. Kd2 Qd6 34. Re1 Bxe3+ 35. Qxe3 Qb4+ 36. Kd1 Qb3+ $19)
32... e5 $1 {Now it's all over.} 33. Bxf5 Rg8 34. Qh6 Rxg3 35. Kf2 Bxe3+ 36.
Rxe3 Rxg2+ 0-1

[Event "EU-Cup 35th"]
[Site "Budva"]
[Date "2019.11.14"]
[Round "5.4"]
[White "Harikrishna, Pentala"]
[Black "Edouard, Romain"]
[Result "1/2-1/2"]
[WhiteElo "2731"]
[BlackElo "2635"]
[Annotator "Edouard,R"]
[PlyCount "62"]
[EventDate "2019.11.10"]
[EventType "team-swiss"]
[EventRounds "7"]
[EventCountry "MNE"]
[SourceTitle "CBM 193 Extra"]
[Source "ChessBase"]
[SourceDate "2020.01.31"]
[SourceVersion "1"]
[SourceVersionDate "2020.01.31"]
[SourceQuality "1"]
[WhiteTeam "Novy Bor"]
[BlackTeam "Gent"]
[WhiteTeamCountry "CZE"]
[BlackTeamCountry "BEL"]

1. e4 e6 2. d4 d5 3. Nd2 c5 4. exd5 Qxd5 5. Ngf3 cxd4 6. Bc4 Qd7 7. O-O Nc6 8.
Nb3 Nf6 9. Bb5 $5 {A surprise to me in a line I've played many times.} a6 $6 {
This doesn't look like the correct reaction.} (9... Bd6 $5 10. Bg5 (10. Nbxd4
O-O) 10... O-O $5 11. Bxf6 gxf6 12. Nfxd4 Qc7 13. Qg4+ Kh8 14. Qh4 Be7 $13) (
9... Qc7 $5 10. Nbxd4 (10. Bxc6+ $5 Qxc6 $1 11. Nbxd4 Qb6 12. Qe2 Be7 13. Re1
O-O $11) 10... a6 11. Nxc6 axb5 12. Ncd4 Bd7 13. Qe2 b4 $13) 10. Ne5 Qd5 11.
Bxc6+ bxc6 12. Qxd4 Bb7 $5 {This move has a hidden idea of ...Qxg2+ followed
by ...c5+.} 13. Nf3 $2 (13. Qf4 $1 Bd6 14. Re1 c5 15. f3 {with the idea of c4
was quite annoying.}) (13. f3 $5) 13... Qxd4 14. Nfxd4 c5 {Now Black's life is
easy.} 15. Nf3 (15. Ne2 Be4 16. c3 c4 $15) 15... Bxf3 16. gxf3 c4 17. Na5 Rc8
18. b3 cxb3 19. cxb3 Nd5 {Black is definitely more than fine - but White
remains very solid.} 20. Nc4 Bc5 (20... f6 $5 21. Bd2 Kf7 $15) 21. Bd2 Ke7 22.
Rfd1 Bd6 23. Rac1 Rhd8 24. Nxd6 Kxd6 25. Rc4 Rc6 26. Rh4 h6 27. Rg4 g5 (27...
Ke7 $5 28. Bb4+ (28. Rxg7 $4 Nc3 $19) 28... Kf6 $1 {would have been a good try
to win.}) 28. h4 f6 ({Again} 28... Ke7 $5 29. Bb4+ Kf6 $1 $15) 29. hxg5 hxg5
30. f4 gxf4 31. Bxf4+ e5 ({It was actually too early to make a draw. After} 
31... e5 32. Be3 Ke6 {White's position is unpleasant: he should defend the
queenside but also keep an eye on ...f5, ...f4.}) 1/2-1/2

[Event "World Cup"]
[Site "Khanty-Mansiysk"]
[Date "2009.11.22"]
[Round "1.2"]
[White "Guseinov, Gadir"]
[Black "So, Wesley"]
[Result "1-0"]
[WhiteElo "2625"]
[BlackElo "2640"]
[Annotator "Erenburg,S"]
[PlyCount "87"]
[EventDate "2009.11.21"]
[EventType "k.o."]
[EventRounds "7"]
[EventCountry "RUS"]
[SourceTitle "CBM 134"]
[Source "ChessBase"]
[SourceDate "2010.01.18"]
[SourceVersion "1"]
[SourceVersionDate "2010.01.18"]
[SourceQuality "1"]

1. e4 e6 2. d4 d5 3. Nd2 c5 4. Ngf3 cxd4 5. Nxd4 {More common is 5.exd5.} Nc6 (
5... Nf6 {is also possible.}) 6. Bb5 Bd7 7. Nxc6 bxc6 {Black has got a strong
centre, but he is left with a passive light-squared bishop.} ({Even though So
needed to draw this game, he did not trade the light-squared bishops with} 7...
Bxc6 8. Bxc6+ bxc6 {Apparently, he considered the theoretical position after}
9. c4 {as better for White.}) 8. Bd3 Bd6 9. Qe2 {Preventing the normal
development of Black's kingside knight to f6.} Qc7 10. Nf3 dxe4 11. Qxe4 (11.
Bxe4 {is less aggressive and looks worse than the capture with the queen:} Nf6
12. O-O Rb8 13. Re1 Nxe4 14. Qxe4 f6 {covering the g5-square. Now it is not
that easy for White to develop an initiative without light-squared bishop.} 15.
b3 O-O 16. Bd2 c5 17. Rad1 Rf7 18. h3 Bf8 19. Bf4 e5 20. Nxe5 fxe5 21. Bxe5 Qc8
22. Bxb8 Qxb8 23. Re2 Qb6 $13 {0-1 Timman,J (2569)-Kortschnoj,V (2561)/London
2009/CBM 131 Extra (59)}) 11... Nf6 12. Qh4 h6 {The present position is
similar in some sense to the Nimzowitsch variation of the Caro-Kann: Black's
king stays in both positions in the centre for a long time. To my mind, it
seems that Black is worse off in comparison to B17, since Black's
light-squared bishop is misplaced on d7 and the removal of White's d4- and
b7-pawns plays into White's hands, since it gives the first player more open
lines and diagonals.} (12... Rb8 13. O-O Nd5 (13... h6 14. b3 c5 15. Bb2 Bc6
16. Bxf6 gxf6 17. Be4 $16 {1-0 Godena,M (2510)-Baumegger,S (2360)/Elista 1998/
CBM 066 ext (35)}) 14. Re1 Be7 (14... Nb4 15. Be4 h5 16. a3 Nd5 17. c4 $16) 15.
Qg4 g6 (15... O-O 16. Bh6 Bf6 17. Qe4 $16) 16. c4 f5 $2 (16... Nb4 17. Bb1 $16)
17. Bxf5 $1 Nf6 (17... gxf5 18. Qh5+) (17... exf5 18. Qd4 Rf8 19. cxd5) 18. Qf4
Qxf4 (18... Bd6 19. Qg5) 19. Bxf4 Rxb2 20. Bxe6 {1-0 Yudasin,L (2605)-Gulko,B 
(2635)/Biel 1993/CBM 037/[Ftacnik] (23)}) (12... O-O {is bad due to} 13. Bg5)
13. O-O c5 $146 {Preparing to transfer the light-squared bishop to the long
diagonal.} ({In previous game Black continued} 13... Rb8 $5 14. Bd2 {[%cal
Yd2c3]} Nd5 $6 (14... c5 $5 15. Bc3 Bc6 16. Bxf6 gxf6 17. Qxf6 Rg8 18. g3 Bxg3
19. hxg3 Rxg3+ 20. fxg3 Qxg3+ 21. Kh1 Qh3+ $11) 15. c4 Nf4 16. c5 $1 Nxd3 17.
cxd6 Qxd6 18. Rad1 Rb5 19. Bc3 O-O 20. Be5 $2 (20. Ne1 Rd5 21. Nxd3 Rxd3 22.
Bb4 $16) 20... Qd5 21. Bxg7 Kxg7 22. Ne1 Qg5 23. Qd4+ e5 24. Qxd3 Rd5 25. Qe2
Bg4 26. f3 Rxd1 27. Qxd1 Rd8 28. Qb3 Be6 29. Qc3 Kg8 30. Rf2 Qf4 31. b3 Rd1 32.
Re2 {1/2-1/2 Yakovich,Y (2515)-Shulman,Y (2435)/Vladivostok 1994/CBM 043 ext})
14. Bg5 (14. b3 {is too slow:} Bc6) 14... Nd5 $6 (14... Ng4 $5 15. Qxg4 hxg5
16. g3 Be7 17. Nxg5 Rb8 18. Nf3 Bf6 $13) 15. Be4 {Threatening with c2-c4.} Rb8
16. c4 $2 (16. Rfe1 $1 {seems more natural and stronger:} Bc6 (16... Kf8 17.
Bxd5 exd5 18. Be7+ $16) (16... O-O 17. Bxh6 gxh6 (17... f5 18. Bxd5) 18. Qxh6
f5 19. Qg6+ Kh8 20. Ng5 Bc8 21. Qh6+ Kg8 22. Nxe6 $18) (16... Nf4 {is now met
by} 17. Rad1) 17. Rad1 O-O 18. c4 $14) (16. Bxd5 exd5 17. Rfe1+ {is refuted by}
Be6) 16... Nf4 17. Rfd1 (17. b3 $6) 17... Rxb2 18. Kf1 (18. Rxd6 {does not
work out:} Ne2+ 19. Kf1 Qxd6 20. Bf6 $1 Nd4 $1 21. Bxg7 Rg8 22. Qxh6 Nxf3 23.
gxf3 Rd2 (23... Rxg7 24. Qxg7 Qd2 $11) 24. Qh7 Rxg7 25. Qxg7 Qd4 26. Qxd4 Rxd4
$132) 18... Rf8 $1 (18... e5 19. Bf6 $3 Nxg2 20. Kxg2 gxf6 21. Qxf6 Rg8+ 22.
Kh1 $13) 19. Rxd6 {This gives White better practical chances.} (19. Bxf4 Bxf4
20. g3 Bd6 $15) 19... hxg5 20. Rxd7 Qxd7 21. Qxg5 f5 $1 {Eliminating White's
active bishop and opening the f-file for the rook.} (21... Qd6 22. Qxg7 Re2 $1
23. Bh7 Qa6 24. Bd3 (24. Rb1 Qxc4 {[%cal Ye2e1]} 25. Kg1 Qd5 $19 {[%cal Ye8e7]}
) 24... Rxa2 25. Rb1 Qd6 26. Be4 $13) 22. Qxf4 fxe4 23. Qxe4 Rf6 $6 {After a
series of precise moves, So failed to find} (23... Rf4 $1 24. Qa8+ (24. Qxf4
Qd3+ 25. Kg1 Rb1+ 26. Ne1 Rxa1 $17) 24... Ke7 25. Re1 Qd3+ 26. Kg1 Rb1 27.
Qxa7+ Kf6 28. Qxc5 Rxe1+ 29. Nxe1 Qe2 $17) 24. Re1 Qb7 ({Fearless Fritz
suggests grabbing another pawn:} 24... Rxa2 25. Qh7 (25. Qa8+ Qd8 26. Qc6+ Kf7)
25... Kd8 26. Qb1 Qa4 27. Rd1+ Kc8 28. Qd3 Ra1 $11) 25. Qh7 Qf7 $11 {Black's
active pieces and slight material advantage compensate for his vulnerable king.
} 26. Qh8+ Qf8 27. Qh5+ Kd8 28. Qe5 Rb6 {Protecting the e6-pawn, which enables
the other rook to move along the f-file.} 29. Rd1+ Kc8 30. Qe4 Kc7 31. Qe3 Rf4
32. Qc3 Kc8 33. Qd3 Qe7 {Covering the d7-square.} 34. h4 {White does not have
too many useful moves, so Gadir decided to push his h-pawn to h5.} (34. Ne5 {
is met by} Rd4) 34... Rb7 {[%cal Yb7d7]} 35. Re1 Rb4 36. Kg1 Qd7 (36... Rbxc4
37. Ne5 $36) 37. Qa3 ({White could have equalised after} 37. Ne5 Qxd3 38. Nxd3
Rxh4 39. Nxb4 cxb4 $11 {, but, it was a must-win-game for Guseinov.}) 37... Kb7
38. Qe3 Qd6 39. Ne5 Qd4 $6 (39... Rxh4 40. Qg5 Rd4 41. Qxg7+ Ka6 $15) 40. Qg3 {
After both opponents had played according to the first line of Fritz for a
long time, Black blunders in the time trouble.} Qd2 $4 ({Black was still OK
after} 40... Rf5 $1 41. Qxg7+ Ka6 42. Qg3 Rb2 43. Nd3 Rb6 $11) 41. Nd3 $1 $18 {
Now Black's position collapses.} Rd4 {Everything else loses as well:} (41...
Rfxc4 42. Qxg7+ Ka6 43. Nxb4+ Rxb4 44. Rxe6+ Rb6 45. Re7 $18) (41... Rb6 42.
Qxf4 Qxd3 43. Rxe6 $18) 42. Qxg7+ Ka8 (42... Kc8 43. Qf8+) 43. Qf8+ Kb7 (43...
Rb8 44. Qf3+ Rb7 45. Rb1 {with inevitable mate.}) 44. Nxc5+ (44. Nxc5+ Kb6 (
44... Kc7 45. Na6+ $18) 45. Qb8+ Kxc5 46. Qc7#) 1-0